| 000 | 01043nas a2200313 4500 | ||
|---|---|---|---|
| 001 | BR2014004250 | ||
| 003 | BR-BrBNA | ||
| 005 | 20231205124227.0 | ||
| 007 | ta | ||
| 008 | 230509b bl.|||p| |||| 00| 00por d | ||
| 040 |
_aBR-BrBNA _bpor _cBiblioteca Nacional de Agricultura |
||
| 041 | _a(Pt) | ||
| 072 | _aP34 | ||
| 100 | 1 | _aRodda, M.R.C. | |
| 100 | 1 | _aCanellas, L.P. | |
| 100 | 1 | _aFaçanha, A.R. | |
| 100 | 1 | _aZandonadi, D.B. | |
| 100 | 1 | _aGuerra, J.G.M. | |
| 100 | 1 | _aAlmeida, D.L. de | |
| 100 | 1 | _aSantos, G. de A. | |
| 245 | 1 | _aEstímulo no crescimento e na hidrólise de ATP em raízes de alface tratadas com humatos de vermicomposto. II - Efeito da fonte de vermicomposto | |
| 650 | _aALFACE | ||
| 650 | _aBIOLOGIA DO SOLO | ||
| 650 | _aECOLOGIA VEGETAL | ||
| 773 | 0 |
_tRevista Brasileira de Ciência do Solo (Brazil) _xISSN 0100-0683 _g(Jul-Aug 2006), v. 30(4) p. 657-664 _wBR2014004250 |
|
| 856 | 4 | 0 | _uhttp://www.scielo.br/pdf/rbcs/v30n4/06.pdf |
| 909 |
_a202311 _bLúcia _c55 _dLúcia Elande |
||
| 942 |
_2AGRIS _n0 _cANA |
||
| 999 |
_c237972 _d237972 |
||